000 00437nam a22001697a 4500
003 NUST - PNEC
005 20170116180837.0
008 150810b xxu||||| |||| 00| 0 eng d
020 _a8176493929
040 _cLIBRARY
082 _a384.0954 DOS
100 _95047
_aDossani, Rafiq,
245 _aTelecommunications reform in India
_cRafiq Dossani,
260 _cc2003.
650 _95048
_aTelecommunication
_xMIS
942 _2ddc
_cBK
999 _c64251
_d64251